Instrucción general para el transporte, almacenaje y empleo de las materias explosivas que se usen en la construcción de las obras / Compañía de los ferrocarriles de Tarragona a Barcelona y Francia
MARC
| LEADER | 00000nam a2200000Ia 4500 | ||
|---|---|---|---|
| 001 | 18486 | ||
| 008 | 160829s1888 xx 000 0 cat d | ||
| 080 | |a RF-3-87 | ||
| 245 | |a Instrucción general para el transporte, almacenaje y empleo de las materias explosivas que se usen en la construcción de las obras / Compañía de los ferrocarriles de Tarragona a Barcelona y Francia | ||
| 260 | |a Barcelona : |b Imprenta Barcelonesa, |c 1888 | ||
| 300 | |a 16 p. ; |c 23 cm | ||
| 590 | |a A la portada: Servicio de la construcción | ||
| 650 | |a Materials de construcció |x Transport |9 40032 | ||
| 650 | |a Material ferroviari |9 40031 | ||
| 856 | 4 | |u https://media.diba.cat/diba/fitxers/arxiu/fulletons/bib_18486_1888_baixa.pdf |y Accés lliure | |
| 856 | 4 | |u https://media.diba.cat/diba/fitxers/arxiu/fulletons/bib_18486_1888_baixa.pdf |y Accés lliure | |
| 901 | |a Arxiu | ||
| 942 | |n 1 |2 udc | ||
| 952 | |0 0 |1 0 |4 0 |6 RF387 |7 1 |9 49379 |a Arxiu |b Arxiu |d 2016-12-01 |l 0 |o RF-3-87 |p 18486 |r 2016-12-01 00:00:00 |w 2016-12-01 |y ARXIU | ||
| 999 | |c 53221 |d 53221 | ||
| 900 | |a bib_18486_1888_baixa.pdf | ||